|
|
|
|
| LEADER |
01342nam a2200361 a 4500 |
| 001 |
000673637 |
| 003 |
CZ BrMZK |
| 005 |
20090211095752.0 |
| 007 |
ta |
| 008 |
030613s2003 xr a e f 000 0 cze d |
| 015 |
|
|
|a cnb001251929
|
| 020 |
|
|
|a 80-7226-818-X
|q (brož.)
|
| 035 |
|
|
|a (OCoLC)53542870
|
| 040 |
|
|
|a BOA001
|b cze
|
| 072 |
|
7 |
|a 004.7
|x Počítačové sítě
|2 Konspekt
|9 23
|
| 080 |
|
|
|a 004.738.12
|2 MRF
|
| 080 |
|
|
|a 004.42
|2 MRF
|
| 080 |
|
|
|a (035)
|2 MRF
|
| 100 |
1 |
|
|a Broža, Petr,
|d 1978-
|7 jn20001227464
|4 aut
|
| 245 |
1 |
0 |
|a Programování WWW stránek pro úplné začátečníky /
|c Petr Broža, Imrich Buranský
|
| 250 |
|
|
|a 3. aktualiz. a rozš. vyd.
|
| 260 |
|
|
|a Brno :
|b Computer Press,
|c 2003
|
| 300 |
|
|
|a viii, 202 s. :
|b il. ;
|c 23 cm
|
| 504 |
|
|
|a Obsahuje rejstřík
|
| 500 |
|
|
|a Dostupné též v digitální podobě v aplikaci Kramerius
|
| 650 |
0 |
7 |
|a WWW stránky
|7 ph117163
|2 czenas
|
| 650 |
0 |
7 |
|a programování
|7 ph115891
|2 czenas
|
| 655 |
|
7 |
|a příručky
|7 fd133209
|2 czenas
|
| 700 |
1 |
|
|a Buranský, Imrich
|7 mzk2003188997
|4 aut
|
| 856 |
4 |
1 |
|u http://www.digitalniknihovna.cz/mzk/uuid/uuid:c7369140-4d51-11e5-8851-005056827e51
|y Digitalizovaný dokument
|x NDK
|
| 910 |
|
|
|a BOA001
|b 2-1121.075
|
| 990 |
|
|
|a BK
|
| 996 |
6 |
|
|b 2610193904
|c 2-1121.075
|l MZK
|r Sklad / do 1 hodiny
|n 2
|p p.v.
|w 000673637
|u 000010
|a 1
|e BOA001
|j MZK50
|s P
|